[Event "Eastern Asia-ch U18"]
[Site "Tornelo INT"]
[Date "2021.10.31"]
[Round "7"]
[White "Ngamdeethae, Wimutti"]
[Black "Benedict, Silveries Mathias S"]
[Result "0-1"]
[WhiteElo "1267"]
[BlackElo "1329"]
[PlyCount "56"]
[EventDate "2021.10.29"]
[EventType "swiss"]
[EventRounds "9"]
[EventCountry "NET"]
[SourceTitle "CBM 205 Extra"]
[Source "ChessBase"]
[SourceDate "2022.01.31"]
[SourceVersion "1"]
[SourceVersionDate "2022.01.31"]
[SourceQuality "1"]

1. d4 d5 2. c4 e6 3. Nc3 Nf6 4. Nf3 b6 5. cxd5 exd5 6. Bf4 Be7 7. e3 0-0 8. Bd3 c5 9. 0-0 Bb7 10. Re1 Nc6 11. Rc1 a6 12. Bb1 Re8 13. e4 dxe4 14. Nxe4 Nxd4 15. Nxd4 Qxd4 16. Qxd4 cxd4 17. Rc7 Bxe4 18. Bxe4 Nxe4 19. Rxe4 Bd6 20. Bxd6 Rxe4 21. g3 d3 22. Rd7 d2 23. Bb4 Re1+ 24. Kg2 d1Q 25. Rxd1 Rxd1 26. Bc3 Rc8 27. a3 Rxc3 28. bxc3 Rc1 0-1

[Event "Eastern Asia-ch U18"]
[Site "Tornelo INT"]
[Date "2021.10.29"]
[Round "3"]
[White "Sanjith, Gunasekaran"]
[Black "Ngamdeethae, Wimutti"]
[Result "1-0"]
[WhiteElo "1143"]
[BlackElo "1267"]
[PlyCount "103"]
[EventDate "2021.10.29"]
[EventType "swiss"]
[EventRounds "9"]
[EventCountry "NET"]
[SourceTitle "CBM 205 Extra"]
[Source "ChessBase"]
[SourceDate "2022.01.31"]
[SourceVersion "1"]
[SourceVersionDate "2022.01.31"]
[SourceQuality "1"]

1. e4 c5 2. Nf3 Nc6 3. d4 cxd4 4. Nxd4 e5 5. Nf3 Nf6 6. Nc3 Bb4 7. Bd3 d6 8. 0-0 0-0 9. a3 Bxc3 10. bxc3 Bg4 11. h3 Bh5 12. Re1 Rc8 13. Rb1 Na5 14. Be3 b6 15. Bd2 Nc4 16. Bxc4 Rxc4 17. Rb4 Qc7 18. Qe2 Rxb4 19. axb4 Re8 20. Qd3 Bxf3 21. Qxf3 d5 22. exd5 Nxd5 23. Qxd5 Rd8 24. Qxe5 Qxe5 25. Rxe5 f6 26. Re2 Rf8 27. Be3 Re8 28. Kf1 Kf7 29. Bd4 Rd8 30. f4 Rd5 31. Kf2 Rf5 32. Kf3 h6 33. g3 g5 34. Re1 gxf4 35. gxf4 Rh5 36. Kg3 Rd5 37. Ra1 Rd7 38. Kf3 Ke6 39. Re1+ Kf7 40. f5 Rd5 41. Kf4 Rd6 42. Re6 Rxe6 43. fxe6+ Kxe6 44. c4 f5 45. Be5 a6 46. c5 bxc5 47. bxc5 a5 48. Bc3 a4 49. Bb4 h5 50. h4 Kf6 51. c6 Ke6 52. c3 1-0

[Event "Eastern Asia-ch U18 4th"]
[Site "Bangkok"]
[Date "2019.08.04"]
[Round "4.1"]
[White "Ngamdeethae, Wimutti"]
[Black "Kumaresan, Nhavin"]
[Result "0-1"]
[WhiteElo "1287"]
[BlackElo "1758"]
[PlyCount "70"]
[EventDate "2019.08.02"]
[EventType "swiss"]
[EventRounds "9"]
[EventCountry "THA"]
[SourceTitle "EXT 2024"]
[Source "ChessBase"]
[SourceDate "2023.10.10"]
[SourceVersion "1"]
[SourceVersionDate "2023.10.10"]
[SourceQuality "1"]

1. e4 d5 2. exd5 Qxd5 3. Nc3 Qd8 4. d4 Nf6 5. Nf3 Bf5 6. Be2 e6 7. 0-0 Be7 8. Nh4 Bg6 9. Nxg6 hxg6 10. Bf3 c6 11. Re1 Qc7 12. g3 0-0 13. b3 Rd8 14. Bb2 Nbd7 15. Qe2 Nb6 16. Rad1 Rd7 17. Nb1 Rad8 18. c4 c5 19. Nc3 a6 20. d5 exd5 21. cxd5 Bf8 22. Qe5 Bd6 23. Qg5 Be7 24. Qe3 Bf8 25. Qe5 Bd6 26. Qe2 Bf8 27. Qd3 Nfxd5 28. Nxd5 Nxd5 29. Bxd5 Rxd5 30. Qxd5 Rxd5 31. Rxd5 Qa5 32. Re8 Kh7 33. Rxf8 Qe1+ 34. Kg2 Qe4+ 35. Kg1 Qxd5 0-1

[Event "Eastern Asia-ch U18 4th"]
[Site "Bangkok"]
[Date "2019.08.03"]
[Round "2.1"]
[White "Ngamdeethae, Wimutti"]
[Black "Labog, Eric Jr"]
[Result "0-1"]
[WhiteElo "1287"]
[BlackElo "2032"]
[PlyCount "70"]
[EventDate "2019.08.02"]
[EventType "swiss"]
[EventRounds "9"]
[EventCountry "THA"]
[SourceTitle "EXT 2024"]
[Source "ChessBase"]
[SourceDate "2023.10.10"]
[SourceVersion "1"]
[SourceVersionDate "2023.10.10"]
[SourceQuality "1"]

1. e4 c5 2. c3 d5 3. exd5 Qxd5 4. d4 Nc6 5. Nf3 Bg4 6. Be2 cxd4 7. Nxd4 Qxg2 8. Rf1 Bxe2 9. Qxe2 Nxd4 10. cxd4 e6 11. Bf4 Nf6 12. Nc3 Qc6 13. Qb5 Qxb5 14. Nxb5 Nd5 15. Bg3 a6 16. Nd6+ Bxd6 17. Bxd6 Kd7 18. Bg3 Rac8 19. Kd2 Rc4 20. Kd3 Rhc8 21. Rfd1 Rc2 22. Rd2 Nb4+ 23. Ke3 Rxd2 24. Kxd2 Rc2+ 25. Ke3 Nd5+ 26. Kf3 Rxb2 27. a4 f5 28. Be5 g5 29. h3 h5 30. Rg1 g4+ 31. hxg4 hxg4+ 32. Kg3 Nc3 33. Rh1 Ne4+ 34. Kf4 Rxf2+ 35. Ke3 Rf3+ 0-1